[Event "Fisher knockout"]
[Site "SchemingMind.com"]
[Date "2008.06.05"]
[Round "-"]
[White "Dr_Pat"]
[Black "Wojciech  Langer"]
[Result "1-0"]
[WhiteCountry "USA"]
[BlackCountry "INT"]
[WhiteElo "1937"]
[WhiteRD "51"]
[BlackElo "1686"]
[BlackRD "71"]
[GameID "157785"]

1. d4 d6 2. c4 Nf6 3. Nc3 Nbd7 4. e4 e5 5. Nf3 c6 6. Be2 Be7 7. O-O O-O 8. Re1 exd4 9. Nxd4 Re8 10. Qc2 Ne5
11. h3 c5 12. Nf5 Be6 13. b3 Qd7 14. Be3 Ng6 15. Rad1 Nxe4 16. Nxe7+ Rxe7 17. Nxe4 Nh4 18. Bg5 Nf5 19. Nxc5 Qc8 20. Nxe6 fxe6
21. Bxe7 Nxe7 22. Rxd6
1-0

[Event "Fisher knockout"]
[Site "SchemingMind.com"]
[Date "2008.06.05"]
[Round "-"]
[White "hph46"]
[Black "chesshub"]
[Result "0-1"]
[WhiteCountry "GER"]
[BlackCountry "FRA"]
[WhiteElo "2185"]
[WhiteRD "104"]
[BlackElo "2477"]
[BlackRD "64"]
[GameID "157993"]

1. e4 c5 2. Nf3 d6 3. d4 cxd4 4. Nxd4 Nf6 5. Nc3 a6 6. Bc4 e6 7. O-O Be7 8. Be3 O-O 9. Qf3 Nc6 10. Nxc6 bxc6
11. Rad1 Qc7 12. Qg3 Nh5 13. Qf3 Nf6 14. Bg5 h6 15. Bh4 d5 16. Bb3 a5 17. Rfe1 Ba6 18. Bg3 Qa7 19. e5 Nd7 20. Bf4 Rab8
21. Qg3 Kh8 22. Qh3 Kh7 23. Na4 Bb5 24. Be3 Nc5 25. Nxc5 Bxc5 26. Bxc5 Qxc5 27. c3 a4 28. Bc2+ Kh8 29. Rd4 Qe7 30. b3 axb3
31. axb3 c5 32. Rg4 d4 33. cxd4 cxd4 34. Rxd4 Qc5 35. Rd2 Rbd8 36. Rxd8 Rxd8 37. Be4 Qxe5 38. Qe3 Qd4 39. Qxd4 Rxd4 40. f3 g5
41. Rc1 Kg7 42. Rc7 Rd1+ 43. Kf2 Rd2+ 44. Kg3 Rb2 45. Bc2 Bf1 46. Rc3 Kf6 47. Kf2 Bd3 48. Rxd3 Rxc2+ 49. Kg3 Rb2 50. Kh3 h5
51. Rc3 e5 52. Rc6+ Kg7 53. Rc5 f6 54. Rb5 Kg6 55. Rb6 Rd2 56. b4 Rd3 57. Kg3 g4 58. Kf2 Kg5 59. Rc6 Rd2+ 60. Kg1 Rb2
61. Rc4 Kf5 62. Re4 Ke6 63. Rc4 f5 64. f4 e4 65. g3 Kd5 66. Rc5+ Kd4 67. Rxf5 e3 68. Re5 Rb1+ 69. Kg2 Rxb4 70. Re8 Rb2+
71. Kg1 Kd3 72. f5 Rf2 73. Rd8+ Kc3 74. Rf8 Kd2 75. Rd8+ Ke1 76. Rd3 e2
0-1

[Event "Fisher knockout"]
[Site "SchemingMind.com"]
[Date "2008.06.05"]
[Round "-"]
[White "chesshub"]
[Black "hph46"]
[Result "1-0"]
[WhiteCountry "FRA"]
[BlackCountry "GER"]
[WhiteElo "2467"]
[WhiteRD "64"]
[BlackElo "2231"]
[BlackRD "110"]
[GameID "157999"]

1. e4 e5 2. Nf3 Nc6 3. Bb5 a6 4. Ba4 Nf6 5. O-O Be7 6. Re1 b5 7. Bb3 O-O 8. h3 d6 9. c3 Bb7 10. d4 Re8
11. Nbd2 exd4 12. cxd4 Na5 13. Bc2 c5 14. d5 Nd7 15. Rb1 Bf6 16. b3 Bc3 17. a3 Rc8 18. Bb2 Bxb2 19. Rxb2 Qb6 20. Rb1 f6
21. Nf1 b4 22. axb4 cxb4 23. Nd4 Rc3 24. Ng3 Nf8 25. Qd2 Bc8 26. Re3 Rxe3 27. Qxe3 Nb7 28. Nh5 Qc7 29. Ra1 a5 30. Bd3 Nc5
31. Rc1 Qe7 32. Bb5 Bd7 33. Bxd7 Qxd7 34. Nf5 Rxe4 35. Qg3 Ng6 36. Nfxg7 Kf7 37. Rf1 Re5 38. f4 Rxh5 39. Nxh5 Qf5 40. Qf3 Nh4
41. Qe2 Qxd5 42. f5 Nxf5 43. Qc2 Ne4 44. Rf4 Ne7 45. Rxe4 Qxh5 46. Qc7 Qc5+ 47. Qxc5 dxc5 48. Rc4 Nf5 49. Rxc5 Nd4 50. Rxa5 Nxb3
51. Rb5 Nc1 52. Rxb4 Nd3 53. Rd4 Ne5 54. Kf2 Kg6 55. Ke3 Kf5 56. Rf4+ Kg6 57. g4 Nf7 58. Rf5 Ne5 59. Ke4 Nf7 60. Kd5
1-0

[Event "Fisher knockout"]
[Site "SchemingMind.com"]
[Date "2008.06.10"]
[Round "-"]
[White "MazetaFighter"]
[Black "schakert"]
[Result "1-0"]
[WhiteCountry "GRE"]
[BlackCountry "NED"]
[WhiteElo "2048"]
[WhiteRD "67"]
[BlackElo "1794"]
[BlackRD "74"]
[GameID "158759"]

1. e4 e5 2. Nf3 Nc6 3. Bb5 a6 4. Ba4 Nf6 5. O-O b5 6. Bb3 Be7 7. d4 d6 8. c3 Bg4 9. Be3 O-O 10. h3 Bh5
11. Nbd2 Re8 12. d5 Nb8 13. a4 Nbd7 14. axb5 axb5 15. Bc2 Rxa1 16. Qxa1 Qa8 17. g4 Bg6 18. g5 Nh5 19. Nh4 Nf4 20. Bxf4 exf4
21. Nxg6 fxg6 22. h4 Ne5 23. f3 h6 24. gxh6 gxh6 25. h5 gxh5 26. Nb3 Qxa1 27. Rxa1 Nxf3+ 28. Kg2 Ng5 29. Nd4 b4 30. cxb4 Bf6
31. Nf5 f3+ 32. Kf2 h4 33. Nxh4 Bd4+ 34. Kf1 Rb8 35. Nf5 Rxb4 36. Nxh6+ Kh7 37. Nf5 Bxb2 38. Ra7 Rc4 39. Ne3 Rc3 40. e5+ Kh6
41. Ng4+ Kh5 42. Nf6+ Kh4 43. Ra4+ Kg3 44. Nh5+ Kh2 45. Bf5 Rc1+ 46. Kf2 Nh3+ 47. Bxh3
1-0

[Event "Fisher knockout"]
[Site "SchemingMind.com"]
[Date "2008.06.10"]
[Round "-"]
[White "schakert"]
[Black "MazetaFighter"]
[Result "0-1"]
[WhiteCountry "NED"]
[BlackCountry "GRE"]
[WhiteElo "1794"]
[WhiteRD "74"]
[BlackElo "2048"]
[BlackRD "67"]
[GameID "158769"]

1. e4 e5 2. Nf3 Nc6 3. Bb5 a6 4. Ba4 Nf6 5. O-O Be7 6. Re1 b5 7. Bb3 d6 8. h3 Na5 9. d4 exd4 10. e5 dxe5
11. Nxe5 O-O 12. Bd2 b4 13. a3 Bb7 14. c4 dxc3 15. bxc3 bxa3 16. Ba2 Nc6 17. Nxf7 Rxf7 18. Qb3 Kh8 19. Qxb7 Na5 20. Qxa8 Qxa8
21. Bxf7 Bd6 22. c4 Nb3 23. Ra2 Nxd2 24. Nxd2 Qf8 25. Be6 Bb4 26. Re3 Qd6 27. Nf3 Bc5 28. Re1 Qb6
0-1

[Event "Fisher knockout"]
[Site "SchemingMind.com"]
[Date "2008.07.17"]
[Round "-"]
[White "MazetaFighter"]
[Black "mmccaffe"]
[Result "1-0"]
[WhiteCountry "GRE"]
[BlackCountry "USA"]
[WhiteElo "2038"]
[WhiteRD "74"]
[BlackElo "1594"]
[BlackRD "56"]
[GameID "163675"]

1. e4 c5 2. Nf3 d6 3. d4 cxd4 4. Nxd4 Nf6 5. Nc3 a6 6. g3 e5 7. Nde2 Be7 8. Bg2 O-O 9. O-O Nc6 10. h3 Be6
11. Be3 Qc7 12. Nd5 Bxd5 13. exd5 Nb8 14. Qd3 Nbd7 15. Qc3 Qxc3 16. Nxc3 b5 17. Rfd1 Rfc8 18. f4 b4 19. Na4 Rxc2 20. fxe5 Nxe5
21. Rac1 Rxc1 22. Rxc1 Nd3 23. Rc7 Bd8 24. Rc6 Be7 25. Kf1 Nc5 26. Nxc5 dxc5 27. d6 Bd8 28. Bxc5 a5 29. d7 Nxd7 30. Rd6 Nxc5
31. Bxa8 Bc7 32. Rc6 Ne6 33. Kg2 h6 34. Bb7 Be5 35. Rc8+ Kh7 36. Be4+ g6 37. b3 Nd4 38. Rc5 Bd6 39. Rxa5 Ne2 40. Rd5 Bf8
41. Rd2 Nc3 42. Bd5 Nxd5 43. Rxd5 Bg7 44. Kf3
1-0

[Event "Fisher knockout"]
[Site "SchemingMind.com"]
[Date "2008.07.17"]
[Round "-"]
[White "mmccaffe"]
[Black "MazetaFighter"]
[Result "0-1"]
[WhiteCountry "USA"]
[BlackCountry "GRE"]
[WhiteElo "1594"]
[WhiteRD "56"]
[BlackElo "2038"]
[BlackRD "74"]
[GameID "163684"]

1. e4 e5 2. f4 Bc5 3. Nf3 d6 4. Bc4 Nf6 5. Nc3 Nc6 6. h3 O-O 7. d3 Nh5 8. Ng5 Ng3 9. Rh2 Bg1 10. Rh1 Nxh1
11. Qh5 h6 12. Nxf7 Rxf7 13. Bxf7+ Kh8 14. f5 Qf6 15. Bg6 Nd4 16. Bxh6 Bf2+ 17. Kd2 Ng3 18. Bxg7+ Kxg7 19. Qh7+ Kf8 20. Qxc7 Qe7
21. Qc4 Qg5+ 22. Kd1 Be6 23. fxe6 Qxg6 24. e7+ Kxe7 25. Nd5+ Kf8 26. Qc7 Qh5+ 27. Kc1 Qg5+ 28. Kb1 Nf1 29. Qxd6+ Kg8 30. Nf6+ Kg7
31. Qe7+ Kg6
0-1

[Event "Fisher knockout"]
[Site "SchemingMind.com"]
[Date "2008.11.17"]
[Round "-"]
[White "chesshub"]
[Black "z"]
[Result "1-0"]
[WhiteCountry "FRA"]
[BlackCountry "IRQ"]
[WhiteElo "2451"]
[WhiteRD "67"]
[BlackElo "1882"]
[BlackRD "68"]
[GameID "179154"]

1. e4 e6 2. d4 d5 3. Nd2 c5 4. Ngf3 Bd6 5. exd5 exd5 6. dxc5 Bxc5 7. Nb3 Bb6 8. Bb5+ Nc6 9. O-O Ne7 10. Re1 O-O
11. c3 Bg4 12. h3 Bh5 13. Be3 Bxe3 14. Rxe3 Qd6 15. Qd2 Rad8 16. Nfd4 Bg6 17. Bxc6 bxc6 18. Rxe7 Qxe7 19. Nxc6 Qd6 20. Nxd8 Rxd8
21. Re1 Kf8 22. Qd4 Qb6 23. Nc5 Qxb2 24. Qe5 Be4 25. Nxe4 dxe4 26. Qxe4 Qb8 27. Qxh7
1-0

[Event "Fisher knockout"]
[Site "SchemingMind.com"]
[Date "2008.11.17"]
[Round "-"]
[White "z"]
[Black "chesshub"]
[Result "0-1"]
[WhiteCountry "IRQ"]
[BlackCountry "FRA"]
[WhiteElo "1882"]
[WhiteRD "68"]
[BlackElo "2451"]
[BlackRD "67"]
[GameID "179165"]

1. f4 d5 2. Nf3 g6 3. e3 Bg7 4. Be2 Nf6 5. O-O O-O 6. d3 c5 7. Qe1 Nc6 8. c3 b6 9. Bd1 Bf5 10. Bc2 c4
11. Ba4 Qc8 12. dxc4 dxc4 13. Nbd2 Bd3 14. Bxc6 Qxc6 15. Ne5 Qc5 16. Nxd3 cxd3 17. Nb3 Qd5 18. Bd2 Ne4 19. Rd1 a5 20. Bc1 a4
21. Nd2 f5 22. Nxe4 fxe4 23. a3 e6 24. Bd2 Qb3 25. Bc1 Bf6 26. g4 Be7 27. Qg3 Rf7 28. Rd2 Raf8 29. Rdf2 Qd5 30. g5 e5
31. fxe5 Rxf2 32. Rxf2 Rxf2 33. Qxf2 Qxe5 34. h4 Bd6 35. Bd2 Qg3+ 36. Kf1 Qh3+ 37. Qg2 Qxh4 38. Be1 Qh5 39. Kg1 b5 40. Qxe4 Qh2+
41. Kf1 Qe2+ 42. Kg1 Qxe1+ 43. Kg2 Qd2+ 44. Kf3 Qe2#
0-1

[Event "Fisher knockout"]
[Site "SchemingMind.com"]
[Date "2008.11.30"]
[Round "-"]
[White "TRFz"]
[Black "MazetaFighter"]
[Result "1-0"]
[WhiteCountry "GBR"]
[BlackCountry "GRE"]
[WhiteElo "2250"]
[WhiteRD "68"]
[BlackElo "2054"]
[BlackRD "79"]
[GameID "180971"]

1. d4 d5 2. c4 e6 3. Nc3 Nf6 4. Bg5 Be7 5. Nf3 Nbd7 6. Rc1 c6 7. e3 O-O 8. Bd3 dxc4 9. Bxc4 Nd5 10. Bxe7 Qxe7
11. O-O Nxc3 12. Rxc3 e5 13. Bb3 e4 14. Nd2 Nf6 15. Rc5 Be6 16. Re5 Ng4 17. Qxg4
1-0

[Event "Fisher knockout"]
[Site "SchemingMind.com"]
[Date "2008.11.30"]
[Round "-"]
[White "MazetaFighter"]
[Black "TRFz"]
[Result "0-1"]
[WhiteCountry "GRE"]
[BlackCountry "GBR"]
[WhiteElo "2012"]
[WhiteRD "79"]
[BlackElo "2272"]
[BlackRD "67"]
[GameID "180976"]

1. e4 c5 2. Nf3 Nc6 3. d4 cxd4 4. Nxd4 g6 5. Nc3 Bg7 6. Be3 Nf6 7. Bc4 O-O 8. Bb3 a5 9. a4 Ng4 10. Qxg4 Nxd4
11. Qh4 Nxb3 12. cxb3 Ra6 13. Nd5 Re8 14. Bg5 f6 15. Be3 e6 16. Nc3 f5 17. Qxd8 Rxd8 18. exf5 gxf5 19. O-O-O d5 20. f4 d4
21. Nb5 d3 22. Rd2 e5 23. fxe5 Bxe5 24. Rhd1 Rc6+ 25. Kb1 f4 26. Bf2 Bf5 27. Na3 Bd6 28. Nb5 Rc2 29. Bb6 Bb4 30. Bxd8 Rxd2
31. Rxd2 Bxd2 32. Nd6 Bg6 33. Nc4 Be3 34. Ka1 d2 35. Nxd2 Bxd2 36. Bb6 Be4
0-1

[Event "Fisher knockout"]
[Site "SchemingMind.com"]
[Date "2009.02.15"]
[Round "-"]
[White "chesshub"]
[Black "Wojciech"]
[Result "1-0"]
[WhiteCountry "FRA"]
[BlackCountry "POL"]
[WhiteElo "2459"]
[WhiteRD "72"]
[BlackElo "1906"]
[BlackRD "122"]
[GameID "192218"]

1. e4 c5 2. Nf3 d6 3. d4 cxd4 4. Nxd4 g6 5. c4 Nf6 6. Nc3 Bg7 7. Be2 O-O 8. O-O Nc6 9. Be3 Nxd4 10. Bxd4 b6
11. Qd2 Bb7 12. f3 Rc8 13. Rac1 Nh5 14. Bxg7
1-0

[Event "Fisher knockout"]
[Site "SchemingMind.com"]
[Date "2009.02.15"]
[Round "-"]
[White "Wojciech"]
[Black "chesshub"]
[Result "0-1"]
[WhiteCountry "POL"]
[BlackCountry "FRA"]
[WhiteElo "1906"]
[WhiteRD "122"]
[BlackElo "2459"]
[BlackRD "72"]
[GameID "192224"]

1. d4 Nf6 2. c4 e6 3. Nc3 Bb4 4. g3 d5 5. Bg2 O-O 6. Nf3 dxc4 7. O-O Nc6 8. Bg5 h6 9. Bxf6 Qxf6 10. a3 Bxc3
11. bxc3 e5 12. e3 Bg4 13. h3 Bh5
0-1

[Event "Fisher knockout"]
[Site "SchemingMind.com"]
[Date "2009.04.16"]
[Round "-"]
[White "TRFz"]
[Black "chesshub"]
[Result "0-1"]
[WhiteCountry "GBR"]
[BlackCountry "FRA"]
[WhiteElo "2236"]
[WhiteRD "79"]
[BlackElo "2485"]
[BlackRD "76"]
[GameID "200057"]

1. d4 Nf6 2. c4 e6 3. Nc3 Bb4 4. a3 Bxc3+ 5. bxc3 c5 6. f3 d5 7. cxd5 Nxd5 8. dxc5 Qa5 9. e4 Ne7 10. Be3 O-O
11. Qb3 Qc7 12. Rb1 Nd7 13. Qc4 Ne5 14. Qb3 Nd7 15. Qc4 Ne5 16. Qb3 Nd7 17. Qc4 Nc6 18. Nh3 b6 19. cxb6 axb6 20. Qb3 Nce5
21. f4 Ng4 22. Bd4 Bb7 23. e5 h6 24. Nf2 Nxf2 25. Kxf2 Qc6 26. Rg1 Qe4 27. Be3 g5 28. Re1 Nc5 29. Qxb6 Qc2+ 30. Re2 Nd3+
31. Kg3 Qxc3 32. fxg5 Qxe5+ 33. Kh3 hxg5
0-1

[Event "Fisher knockout"]
[Site "SchemingMind.com"]
[Date "2009.04.16"]
[Round "-"]
[White "chesshub"]
[Black "TRFz"]
[Result "1-0"]
[WhiteCountry "FRA"]
[BlackCountry "GBR"]
[WhiteElo "2463"]
[WhiteRD "75"]
[BlackElo "2271"]
[BlackRD "77"]
[GameID "200064"]

1. e4 c5 2. Nf3 Nc6 3. Nc3 g6 4. d4 cxd4 5. Nxd4 Bg7 6. Be3 Nf6 7. Bc4 O-O 8. Bb3 a5 9. O-O Nxd4 10. Bxd4 d6
11. Qe2 Bd7 12. Rad1 a4 13. Bc4 a3 14. b3 Ng4 15. Bb5 Bxd4 16. Rxd4 Rc8 17. Bxd7 Qxd7 18. Nb5 Rc5 19. c4 Ne5 20. Rd2 Nc6
21. f4
1-0